000 00775nam a2200205Ia 4500
001 425
003 GE_BSU
008 181216s||||||||xx |||||||||||||| ||und||
040 _cGE_BSU
080 _a1(430.22)(092)
100 _aრცხილაძე, ვიქტორ
245 _aXX საუკუნის გერმანელი მოაზროვნეები ღვთის არსებობის შესახებ
260 _aთბილისი
260 _c2010
300 _a169 გვ.
541 _h7 ლ.
653 _aXX საუკუნის გერმანელი მოაზროვნეები ღვთის არსებობის შესახებ
653 _aრელიგია
942 _cBK
999 _c34651
_d34651